000 00528nmm a2200193Ia 4500
008 251105s9999||||xx |||||||||||||||||und||
020 _a9788433978844
041 _aspa
100 _aPàmies, Sergi
245 0 _aBarba Azul
264 _a[Madrid, España] :
_bEditorial Anagrama,
_c2014
300 _a144 páginas
490 _aPanorama de narrativas
650 _aOther narratives
700 _aPàmies, Sergi
700 1 _a Nothomb, Amélie
856 _uhttps://public.digitaliapublishing.com/a/32456
942 _cCF
999 _c69710
_d69710